| 000 | 01238nam a22002777a 4500 | ||
|---|---|---|---|
| 999 |
_c111976 _d111976 |
||
| 003 | dpl | ||
| 005 | 20191001114631.0 | ||
| 008 | 191001b ||||| |||| 00| 0 eng d | ||
| 010 | _aB-158036 | ||
| 020 | _c150.00 | ||
| 035 | _aB-158036 | ||
| 037 | _bCen Lib/Ret | ||
| 040 |
_aDPL _bHN _cdpl |
||
| 082 |
_a820.8 _bदिवेदी |
||
| 100 |
_aद्विवेदी, आचार्य हजारीप्रसाद _945309 |
||
| 245 |
_aमध्यकालीन धर्म-साधना / _cआचार्यहजारी प्रसाद द्विवेदी द्वारा प्रस्तुत |
||
| 246 |
_aMadhyakaleen dharma sadhna / _bby Acharya Hajareeprasad Drivedi |
||
| 260 |
_aइलाहाबाद _bसाहित्य भवन _c2003 |
||
| 270 |
_bइलाहाबाद _a२२, दयानद मार्ग |
||
| 300 |
_a157पृ. _c20सेमी(सजिल्द ) |
||
| 650 |
_aहिंदी साहित्य _x _z _945310 |
||
| 650 |
_v _aहिंदी धर्मशास्त्र _945311 |
||
| 650 |
_aHindi litarature _945312 |
||
| 650 |
_aHindi theology _945313 |
||
| 942 |
_2ddc _cHN _h820.8 _mदिवेदी |
||